CALCULATION OF ANATYTICAL CHEMISTRY (Record no. 567652)

000 -LEADER
fixed length control field 00289nam a22001217a 4500
082 ## - DEWEY DECIMAL CLASSIFICATION NUMBER
Classification number 543 HAM,C
100 ## - MAIN ENTRY--PERSONAL NAME
Personal name SIMPSON, S.G,HAMILTON, L.F
9 (RLIN) 57363
245 ## - TITLE STATEMENT
Title CALCULATION OF ANATYTICAL CHEMISTRY
250 ## - EDITION STATEMENT
Edition statement 6TH
260 ## - PUBLICATION, DISTRIBUTION, ETC.
Place of publication, distribution, etc. NEW YORK
Name of publisher, distributor, etc. MCGRAW HILL
Date of publication, distribution, etc. 1960
300 ## - PHYSICAL DESCRIPTION
Extent 334P
942 ## - ADDED ENTRY ELEMENTS (KOHA)
Koha item type Book
Holdings
Withdrawn status Lost status Damaged status Not for loan Permanent Location Current Location Shelving location Date acquired Total Checkouts Full call number Barcode Date last seen Price effective from Koha item type
        College of Electrical & Mechanical Engineering (CEME) College of Electrical & Mechanical Engineering (CEME) General Stacks 07/13/2017   543 HAM,C CEME-4133 06/28/2021 06/28/2021 Book
© 2023 Central Library, National University of Sciences and Technology. All Rights Reserved.